000 00704nam a2200289Ia 4500
005 20260324141817.0
008 008 260324s9999 xx 000 0 eng d
020 _a9781351073974
037 _aEBOOK
040 _aCRL
040 _beng
040 _cCRL
041 _2eng
041 _aeng
084 _qCRL
100 _aP. Mars
_91209603
245 0 _aLearning Algorithms
245 0 _bTheory and Applications in Signal Processing, Control and Communications
260 _bTaylor and Francis
260 _c1996
365 _a
365 _b400
856 _uhttp://www.taylorfrancis.com/books/9781351073974
942 _cEBOOK
999 _c1813074
_d1813074